La radiothérapie profonde / (Record no. 171826)

MARC details
000 -LEADER
campo de control de longitud fija 00537nam a22001815i 4500
001 - NÚMERO DE CONTROL
campo de control 171826
003 - IDENTIFICADOR DE NÚMERO DE CONTROL
campo de control ES-MaACL
005 - FECHA Y HORA DE LA ÚLTIMA TRANSACCIÓN
campo de control 20230906214736.0
008 - DATOS DE LONGITUD FIJA--INFORMACIÓN GENERAL
campo de control de longitud fija 090602s1923 fr |||| | fre d
100 1# - ENTRADA PRINCIPAL--NOMBRE DE PERSONA
Nombre de persona Solomon, Iser.
9 (RLIN) 140449
245 13 - MENCIÓN DEL TÍTULO
Título La radiothérapie profonde /
Mención de responsabilidad, etc. Iser Solomon.
260 ## - PUBLICACIÓN, DISTRIBUCIÓN, ETC.
Lugar de publicación, distribución, etc. Paris :
Nombre del editor, distribuidor, etc. Masson et cie,
Fecha de publicación, distribución, etc. 1923.
300 ## - DESCRIPCIÓN FÍSICA
Extensión VI, 152 p. ;
Dimensiones 20 cm.
490 1# - MENCIÓN DE SERIE
Mención de serie Médecine et chirurgie pratiques
830 0# - PUNTO DE ACCESO ADICIONAL DE SERIE-TÍTULO UNIFORME
Título uniforme Médecine et chirurgie pratiques
9 (RLIN) 189041
852 ## - LOCALIZACIÓN
Ubicación ES-MaACL
Número de control de estantería B-11703
Holdings
Estatus retirado Estado de pérdida Estado de daño No para préstamo Biblioteca de origen Biblioteca actual Ubicación en estantería Fecha de adquisición Fuente de adquisición Total de préstamos Signatura topográfica completa Código de barras Visto por última vez Precio de reemplazo Tipo de ítem Koha
        Biblioteca del Ateneo de Madrid Biblioteca del Ateneo de Madrid Sala Pardo Bazán 02/06/2009     B-11703 1180327 23/02/2023 23/02/2023 Libro impreso